000 00535nam a2200181Ia 4500
008 151202s9999||||xx |||||||||||||| ||und||
082 _bPNVM-36027
100 _aढसाळ नामदेव.
245 _aगोलपिठा.
260 _bनलिकंठ प्रकाशन पुणे.
260 _c1975
300 _a78
600 _aढसाळ नामदेव.
630 _aगोलपिठा.
700 _aढसाळ नामदेव.
730 _aगोलपिठा.
942 _cBOOK
999 _c1301979
_d1301976